Chế độ khen thưởng, ưu đãi người có công với cách mạng và người có thành tích xây dựng, bảo vệ tổ quốc: 164 câu hỏi và trả lời

Sách giải đáp chế độ chính sách

Guardado en:
Detalles Bibliográficos
Formato: Libro
Lenguaje:Undetermined
Publicado: Hà Nội Thống kê 1999
Materias:
Etiquetas: Agregar Etiqueta
Sin Etiquetas, Sea el primero en etiquetar este registro!
Thư viện lưu trữ: Trung tâm Học liệu Trường Đại học Cần Thơ
LEADER 00637nam a2200157Ia 4500
001 CTU_46900
008 210402s9999 xx 000 0 und d
082 |a 361.61 
082 |b Ch250 
245 0 |a Chế độ khen thưởng, ưu đãi người có công với cách mạng và người có thành tích xây dựng, bảo vệ tổ quốc: 164 câu hỏi và trả lời 
260 |a Hà Nội 
260 |b Thống kê 
260 |c 1999 
520 |a Sách giải đáp chế độ chính sách 
650 |a social policies 
980 |a Trung tâm Học liệu Trường Đại học Cần Thơ